000 00858nas a2200253 4500
001 BR2015000545
003 BR-BrBNA
005 20231205124943.0
007 ta
008 230509b bl.|||p| |||| 00| 00por d
040 _aBR-BrBNA
_bpor
_cBiblioteca Nacional de Agricultura
041 _a(Pt)
072 _aE14
100 1 _aSimão, G.L.
100 1 _aSilva, E.A.
100 1 _aSilveira, S. de F.R.
245 1 _aGrau de cobertura do Programa de Aquisição de Alimentos (PAA)junto aos agricultores familiares do estado de Minas Gerais
650 _aAGRICULTURA FAMILIAR
650 _aECONOMIA DA PRODUÇÃO
650 _aPOLÍTICAS PÚBLICAS
773 0 _tRevista de Economia e Sociologia Rural (Brazil)
_xISSN 0103-2003
_g(Jul-Sep 2014), v. 52(3) p. 533-548
_wBR2015000545
909 _a202311
_bLúcia
_c55
_dLúcia Elande
942 _2AGRIS
_n0
_cANA
999 _c241818
_d241818